00477pab a2200157 454500008004000000100002400040245009500064260000900159300001400168362001100182650002700193650001600220700002800236700002100264773003400285180718b2006 xxu||||| |||| 00| 0 eng d aBabel, Mukand Singh aPolicy measures and options for improved groundwater resource management Bangkok, Thailand c2006 ap.108-29. aSpring aGroundwater - Thailand aGroundwater aDomingo, Nina Donna Sto aDas Gupta, Ashim aRegional Development Dialogue